|
|
|
|
| LEADER |
00000naa a2200000uu 4500 |
| 001 |
vtls010944737 |
| 003 |
SK-MaSNL |
| 005 |
20260302121725.0 |
| 008 |
210910|2014 xo |||||||||||||||||eng| |
| 015 |
|
|
|a SNBRA
|
| 035 |
|
|
|a (urnnbn)urn:nbn:sk:snk:ar-a0bep1
|
| 035 |
|
|
|a (uuid)792c7aa3-520f-46ae-a8af-b745acafd1eb
|
| 035 |
|
|
|a urn:nbn:sk:snk-aau6w5
|
| 040 |
|
|
|a SNKBUCL
|b slo
|c SNKBUCL
|e AACR2
|
| 041 |
0 |
|
|a eng
|
| 044 |
|
|
|a xo
|c SK
|
| 100 |
1 |
|
|a Laurenčíková, A.
|4 aut
|9 804185
|
| 245 |
1 |
0 |
|a FABRICATION OF GAP NANOWIRE ARRAYS ON TOP INGAP SOLAR CELLS
|c A. Laurenčíková, J. Dérer, J. Kováč, J. Novák, P. Eliáš, P. Hronec, S. Hasenöhrl
|
| 700 |
1 |
|
|a Dérer, J.
|4 aut
|9 804192
|
| 700 |
1 |
|
|a Kováč, Jaroslav,
|d 1947-
|4 aut
|9 208399
|
| 700 |
1 |
|
|a Novák, J.
|4 aut
|9 329634
|
| 700 |
1 |
|
|a Eliáš, P.
|4 aut
|9 6904
|
| 700 |
1 |
|
|a Hronec, P.
|4 aut
|9 273499
|
| 700 |
1 |
|
|a Hasenöhrl, S.
|4 aut
|9 787216
|
| 773 |
0 |
|
|t Advances in Electronic and Photonic Technologies
|d Žilina : University of Žilina, 2014
|g S. 259-262
|z 9788055408811
|
| 958 |
|
|
|a OND
|
| 958 |
|
|
|a article11
|
| 958 |
|
|
|a chapter
|
| 999 |
|
|
|c 1275008
|d 1276938
|